<?xml version="1.0" encoding="UTF-8"?>
<collection xmlns="http://www.loc.gov/MARC21/slim">
 <record>
  <leader>02156nam a2200229 a 4500</leader>
  <controlfield tag="001">TVCDKTCT96206</controlfield>
  <controlfield tag="003">TVCĐKTCT</controlfield>
  <controlfield tag="005">20180105085451.0</controlfield>
  <controlfield tag="008">180104syyyy    vn                       </controlfield>
  <datafield tag="980" ind1="\" ind2="\">
   <subfield code="a">Thư viện Trường CĐ Kỹ Thuật Cao Thắng</subfield>
  </datafield>
  <datafield tag="024" ind1=" " ind2=" ">
   <subfield code="a">RG_1 #1 eb0 i1</subfield>
  </datafield>
  <datafield tag="041" ind1="0" ind2="#">
   <subfield code="a">vie</subfield>
  </datafield>
  <datafield tag="082" ind1="#" ind2="#">
   <subfield code="a">928 </subfield>
   <subfield code="b">NG527T</subfield>
  </datafield>
  <datafield tag="100" ind1="1" ind2="#">
   <subfield code="a">Học viện Chính trị Quốc Gia Tp.HCM </subfield>
  </datafield>
  <datafield tag="245" ind1="1" ind2="0">
   <subfield code="a">Nguyễn Thị Minh Khai - Nữ chiến sĩ cộng sản kiên trung, bất khuất / </subfield>
   <subfield code="c">Học viện Chính trị Quốc Gia TP.HCM</subfield>
  </datafield>
  <datafield tag="260" ind1="#" ind2="#">
   <subfield code="a">H. : </subfield>
   <subfield code="b">Chính trị Quốc Gia, </subfield>
   <subfield code="c">2015</subfield>
  </datafield>
  <datafield tag="300" ind1=" " ind2=" ">
   <subfield code="a">484tr. ; </subfield>
   <subfield code="c">24cm</subfield>
  </datafield>
  <datafield tag="520" ind1="#" ind2="#">
   <subfield code="a">Cuốn sách gồm các bài viết về cuộc đời, sự nghiệp của đồng chí Nguyễn Thị Minh Khai - Nữ chiến sĩ cộng sản kiên trung, bất khuất, do Thành ủy Thành phố Hồ Chí Minh và Học viện Chính trị Quốc Gia Thành phố Hồ Chí Minh phối hợp tổ chức thực hiện. Các bài viết, bài nghiên cứu trong cuốn sách đã đánh giá về cuộc đời, sự nghiệp quang vinh cũng như những cống hiến lớn lao của đồng chí Nguyễn Thị Minh Khai - con người mà tên tuổi đã gắn liền với một giai đoạn lịch sử khó khăn và đầy thử thách của dân tộc ta. Những bài viết trong cuốn sách là những dòng tâm huyết của tác giả, qua đó góp phần phác họa tính cách, bản lĩnh, lý tưởng và sự cống hiến của đồng chí Nguyễn Thị Minh Khai đối với phong trào cách mạng Việt Nam, đối với cuộc đấu tranh giành độc lập của dân tộc, cũng như sự nghiệp giải phóng giai cấp gắn liền với giải phóng phụ nữ.</subfield>
  </datafield>
  <datafield tag="541" ind1="#" ind2="#">
   <subfield code="a">Tặng</subfield>
  </datafield>
  <datafield tag="650" ind1="#" ind2="4">
   <subfield code="a">Nhân vật--sự kiện--Việt Nam</subfield>
  </datafield>
  <datafield tag="653" ind1="#" ind2="#">
   <subfield code="a">Nguyễn Thị  Minh Khai</subfield>
  </datafield>
  <datafield tag="841" ind1="#" ind2="#">
   <subfield code="b">Kho Sách </subfield>
   <subfield code="j">100050891</subfield>
  </datafield>
 </record>
</collection>
